Renovación y actualidad en la educación /

שמור ב:
מידע ביבליוגרפי
מחבר ראשי: Wing - Ching Sandí, Isabel
פורמט: Texto
נושאים:
תגים: הוספת תג
אין תגיות, היה/י הראשונ/ה לתייג את הרשומה!

MARC

LEADER 00000 a a2200000 04500
001 13567
003
040
100 |a Wing - Ching Sandí, Isabel  
245 |a Renovación y actualidad en la educación /  |c Isabel Wing - Ching Sandí 
650 |a EDUCACION  
650 |a MODERNIZACION  
650 |a ANALISIS HISTORICO  
650 |a UNIVERSIDADES  
650 |a ENSEÑANZA  
650 |a TEORIA  
773 |g número 68; páginas 39-49  
999 |c 39438  |d 39438